000 00676nam a2200193Ia 4500
003 GCL
008 140319s9999 xx 000 0 ara d
040 _aGCL /
_cGCL
082 0 4 _aش ف
_b791.43
_bح ب
100 1 _aحلمى رفله
245 1 0 _aالبطل (شرائط فيديو) /
_cحلمى رفله
260 _aالقاهرة :
_bافلام جمال الليثى للسينما والفيديو ،
_c1950
300 _a1 شريط:
_bس ، ب ؛
_c1\2 بوصة
650 0 4 _aالافلام العربية
650 0 4 _aالفيديو، أشرطة
650 0 4 _aالتسجيلات المرئية
650 0 4 _aالافلام الكوميدية
942 _2ddc
_cVM
999 _c33964
_d33964